Risk & manage (Record no. 119231)

MARC details
000 -LEADER
fixed length control field 00871cas a22002295a 4500
001 - CONTROL NUMBER
control field E147831
008 - FIXED-LENGTH DATA ELEMENTS--GENERAL INFORMATION
fixed length control field 090623c2007 xxkmr w s 000 0 eng d
035 ## - SYSTEM CONTROL NUMBER
System control number (Sirsi) u147831
041 0# - LANGUAGE CODE
Language code of text/sound track or separate title eng
050 04 - LIBRARY OF CONGRESS CALL NUMBER
Classification number 333.32 $2 18
110 2# - MAIN ENTRY--CORPORATE NAME
Corporate name or jurisdiction name as entry element REITS and Quoted Property Group
245 00 - TITLE STATEMENT
Title Risk & manage
Remainder of title the real estate markets and property derivatives newsletter
Medium [electronic resource]
260 ## - PUBLICATION, DISTRIBUTION, ETC.
Place of publication, distribution, etc. London
Name of publisher, distributor, etc. REITA
Date of publication, distribution, etc. 2007-
362 0# - DATES OF PUBLICATION AND/OR SEQUENTIAL DESIGNATION
Dates of publication and/or sequential designation June 2007-
490 #0 - SERIES STATEMENT
Series statement Risk and manage
-- the real estate markets and property derivatives newsletter
520 ## - SUMMARY, ETC.
Summary, etc. Reviews the latest global developments in the global property derivatives market.
554 ## -
-- 12 per year
651 #4 - SUBJECT ADDED ENTRY--GEOGRAPHIC NAME
Geographic name International
690 ## - LOCAL SUBJECT ADDED ENTRY--TOPICAL TERM (OCLC, RLIN)
Topical term or geographic name as entry element PROPERTY-COMMERCIAL PROPERTY-COMMERCIAL PROPERTY MARKET
856 40 - ELECTRONIC LOCATION AND ACCESS
Uniform Resource Identifier <a href="https://www.reita.org/">https://www.reita.org/</a>
Public note View the newsletter free of charge at www.reita.org...
942 ## - ADDED ENTRY ELEMENTS (KOHA)
Suppress in OPAC 0
Holdings
Withdrawn status Lost status Source of classification or shelving scheme Damaged status Not for loan Home library Current library Shelving location Date acquired Total Checkouts Full call number Barcode Date last seen Price effective from Koha item type
    Dewey Decimal Classification     Virtual Virtual Online 23/06/2009   ONLINE PUBLICATION 147831-2001 06/08/2019 06/08/2019 Journal